| 000 | 00527nam a2200193 a 4500 | ||
|---|---|---|---|
| 001 | 5979 | ||
| 003 | CDMR | ||
| 005 | 20130403094232.0 | ||
| 008 | 130220s1995||||||||||||||||||||||||||||d | ||
| 020 | _a8492103507 | ||
| 040 |
_aCDMR _bcat _cCDMR |
||
| 100 | 1 |
_aCuní, Josep _91754 |
|
| 245 | 1 | 0 |
_aQuè pensa Josep Cuní _centrevistat per Gaspar Hernández |
| 260 |
_aBarcelona _bDèria _c1995 |
||
| 300 |
_a135 p ; _c15 cm |
||
| 650 |
_aPeriodistes catalans _vEntrevistes _94 |
||
| 700 | 1 |
_92990 _aHernàndez, Gaspar |
|
| 942 |
_cMON _2udc |
||
| 999 |
_c5979 _d5979 |
||